000 00570nam a2200169 a 4500
005 20140412111319.0
008 000818s19uu xx 00 eng d
020 _a0-916291-52-9
050 _aTR(PS E
_bGa21 1994
100 _aCho, Shinta
245 _aGas we pass (The) :
_bthe story of farts /
_cby Shinta Cho ; translated by Amanda Mayer Stinchecum.
250 _a1st American Ed.
260 _aBrooklyn, New York :
_bKane/Miller Book Publishers,
_c1994.
300 _a1 v. (unp.) ; ill.
650 _aFlatuelence-Juvenile literature
_xFlatulence
999 _c104325
_d104325